• 首页
  • 本馆介绍
  • 公告通知
  • 最新文献
  • 馆藏检索
  • 电子资源
  • 读者导购
  • 参考咨询
  • 我的图书馆
  • 登录
  • 详细信息显示
  • 放入我的书架
  • 预约/预借图书
  • 作者相关作品
  • 分类相关作品
  • 丛书相关作品
  • 出版社相关作品

书目信息

  • 表格格式
  • 工作单格式
  • 卡片格式
题名:
全球思想版图
    
 
作者: ;上海市高校智库研究和管理中心 编
分册: 2016  
出版信息: 上海   上海人民出版社  2017.05
页数: 209页
开本: 24cm
丛书名:
单 册:
中图分类: C11
科图分类:
主题词: 社会科学--研究报告--世界--2016
电子资源:
ISBN: 978-7-208-14374-6
000 00971nam0 2200241 450
001 003456652
005 20170911082201.46
010    @a978-7-208-14374-6@dCNY45.00
100    @a20170704d2017 em y0chiy50 ea
101 0  @achi
102    @aCN@b310000
105    @aak z 000yy
106    @ar
200 1  @a全球思想版图@9quan qiu si xiang ban tu@h2016@f上海市高校智库研究和管理中心编
210    @a上海@c上海人民出版社@d2017.05
215    @a209页@c图@d24cm
330    @a本书内容包括:政治:当代世界的危机、对抗与全球治理;经济:全球化新常态与未来格局;科技:数字平台革命的趋势与挑战;发展:欧洲创新创业经验与中国未来;教育:世界趋势与中国“双一流”建设;城市:世界城市体系与卓越上海的发展等。
333    @a社科研究者
606 0  @a社会科学@x研究报告@y世界@z2016
690    @aC11@v5
711 02 @a上海市高校智库研究和管理中心@9shang hai shi gao xiao zhi ku yan jiu he guan li zhong xin@4编
801  0 @aCN@b人天书店@c20170704
905    @b992896-901@dC11@e328(2016)@f6
    
    全球思想版图.2016/上海市高校智库研究和管理中心编.-上海:上海人民出版社,2017.05
    209页:图;24cm
    使用对象:社科研究者
    
    ISBN 978-7-208-14374-6:CNY45.00
    本书内容包括:政治:当代世界的危机、对抗与全球治理;经济:全球化新常态与未来格局;科技:数字平台革命的趋势与挑战;发展:欧洲创新创业经验与中国未来;教育:世界趋势与中国“双一流”建设;城市:世界城市体系与卓越上海的发展等。
●
相关链接 在E读中查询图书 在五车中查询图书 在当当中查询图书 在豆瓣中查询图书


正题名:全球思想版图     索取号:C11/328(2016)         预约/预借

序号 登录号 条形码 馆藏地/架位号 状态 备注
1 992896   209928961   第一样本阅览室/ [索取号:C11/328(2016)] 在馆    
2 992897   209928970   第一借阅区/ [索取号:C11/328(2016)] 在馆    
3 992898   209928989   密集书库-海洋学院/ [索取号:C11/328(2016)] 在馆    
4 992899   209928998   第一借阅区/ [索取号:C11/328(2016)] 在馆    
5 992900   209929005   第一借阅区/ [索取号:C11/328(2016)] 在馆    
6 992901   209929014   第一借阅区/ [索取号:C11/328(2016)] 在馆    
唐山师范学院图书馆 欢迎您!
大连网信软件有限公司© 版权所有